Normal view
MARC view
Entry Personal Name
001 - CONTROL NUMBER
- control field: 16064
003 - CONTROL NUMBER IDENTIFIER
- control field: NUST
005 - DATE AND TIME OF LATEST TRANSACTION
- control field: 20190630125203.0
008 - FIXED-LENGTH DATA ELEMENTS
- fixed length control field: 190630|| aca||aabn | a|a d
040 ## - CATALOGING SOURCE
- Original cataloging agency: NUST
- Transcribing agency: NUST
100 ## - HEADING--PERSONAL NAME
- Personal name:
670 ## - SOURCE DATA FOUND
- Source citation: Work cat.: (NUST)525312: Hayat, Waleed 16062, An Analysis of factors affecting the performance of project in Oil and Gas Sector of Pakistan /, 2018.
